| 000 | 00388nam a2200157Ia 4500 | ||
|---|---|---|---|
| 008 | 220805s9999 xx 000 0 und d | ||
| 020 | _a81-87853-63-8 | ||
| 041 | _aeng | ||
| 082 | _a746.52 | ||
| 100 |
_aPrakash, K _987675 |
||
| 260 |
_aMumbai _bEnglish Edition _c2003 |
||
| 245 | _aRajasthani Folk art from India | ||
| 250 | _a1 | ||
| 300 | _a50 | ||
| 650 |
_aDecorative folk art _987676 |
||
| 999 |
_c48249 _d48249 |
||